Capoluoghi di Provincia e Regioni - Quiz n°11 - Statistics

Statistiche generali
  • Questo quiz è stato fatto 54 volte
  • Il punteggio medio è 9 su 10
Statistiche sulle risposte
Hint Risposta % Corretto
Como Lombardia
100%
Gorizia Friuli-Venezia Giulia
98%
Aosta Valle d'Aosta
98%
Bergamo Lombardia
93%
Pescara Abruzzo
91%
Cosenza Calabria
91%
Sondrio Lombardia
91%
Avellino Campania
88%
Pordenone Friuli-Venezia Giulia
86%
Verbania Piemonte
86%
Nessun quiz corrispondente trovato
Distribuzione punteggi
Percentuale di utenti per punteggio
Percentile per numero di risposta
I tuoi punteggi nel tempo
Non hai fatto questo quiz